Statistics for MotoGP 2018 Winners

Click here to take the quiz!

General Stats

  • This quiz has been taken 139 times
  • The average score is 17 of 18

Answer Stats

RoundCountryWinner% Correct
14Spain (Aragon)Marc Marquez
100%
3USAMarc Marquez
100%
4Spain (Jerez)Marc Marquez
100%
5FranceMarc Marquez
100%
18MalaysiaMarc Marquez
100%
16JapanMarc Marquez
100%
8NetherlandsMarc Marquez
100%
9GermanyMarc Marquez
100%
15ThailandMarc Marquez
100%
1QatarAndrea Dovizioso
96%
10Czech RepublicAndrea Dovizioso
96%
19Spain (Valencia)Andrea Dovizioso
96%
13Italy (San Marino)Andrea Dovizioso
96%
11AustriaJorge Lorenzo
95%
7Spain (Catalunya)Jorge Lorenzo
95%
6Italy (Mugello)Jorge Lorenzo
95%
17AustraliaMaverick Vinales
89%
2ArgentinaCal Crutchlow
69%

Score Distribution

Percentile by Number Answered

Percent of People with Each Score

Your Score History

You have not taken this quiz